[Event "Rated Rapid game"]
[Site "?"]
[Date "2021.06.29"]
[Round "?"]
[White "Kolosov-M"]
[Black "GreatGodPratik"]
[Result "1-0"]
[WhiteElo "2427"]
[BlackElo "2487"]
[PlyCount "51"]
[EventDate "2021.??.??"]
[EventType "rapid"]

1. e4 e5 2. Nf3 Nc6 3. c3 Nf6 4. d4 exd4 5. e5 Ne4 6. Qe2 d5 7. exd6 f5 8. Nxd4
Nxd4 9. cxd4 Bxd6 10. f3 Qh4+ 11. g3 Bxg3+ 12. hxg3 Qxh1 13. Nc3 O-O 14. fxe4
fxe4 15. Bf4 Bf5 16. O-O-O Qf3 17. Qc4+ Kh8 18. d5 Rae8 19. Be2 Qg2 20. Bxc7 e3
21. Qb5 Be4 22. Nxe4 Qxe4 23. d6 a6 24. Qd5 Qb4 25. d7 Qe7 26. Qxb7 {Normal}
1-0

[Event "Rated Blitz game"]
[Site "?"]
[Date "2021.06.29"]
[Round "?"]
[White "farbmates"]
[Black "Ivanchuch"]
[Result "0-1"]
[WhiteElo "2437"]
[BlackElo "2367"]
[PlyCount "34"]
[EventDate "2021.??.??"]
[EventType "blitz"]

1. e4 e5 2. Nf3 Nc6 3. c3 Nf6 4. d4 exd4 5. e5 Ne4 6. Qe2 d5 7. exd6 Bf5 8.
Nxd4 Nxd4 9. cxd4 Bxd6 10. Nc3 O-O 11. Qf3 Bg6 12. Bd3 Bb4 13. O-O Nxc3 14.
bxc3 Bxc3 15. Bxg6 Bxa1 16. Bxh7+ Kxh7 17. Ba3 Qxd4 {Normal} 0-1

[Event "Rated Blitz game"]
[Site "?"]
[Date "2021.06.29"]
[Round "?"]
[White "Eltorlaki"]
[Black "SybariticSuffocation"]
[Result "0-1"]
[WhiteElo "2340"]
[BlackElo "2414"]
[PlyCount "50"]
[EventDate "2021.??.??"]
[EventType "blitz"]

1. e4 e5 2. Nf3 Nc6 3. c3 Nf6 4. d4 exd4 5. cxd4 Nxe4 6. d5 Bb4+ 7. Bd2 Bxd2+
8. Nbxd2 Nxd2 9. Qxd2 Ne7 10. Bb5 O-O 11. O-O d6 12. Rae1 Bg4 13. Ng5 h6 14.
Ne4 Ng6 15. h3 Bd7 16. Bd3 Ne5 17. f4 Nxd3 18. Qxd3 Re8 19. Ng3 Qf6 20. f5 Qxb2
21. f6 Bb5 22. Rxe8+ Rxe8 23. Qf5 Bxf1 24. Nxf1 Qxf6 25. Qd7 Re2 {Normal} 0-1

[Event "Rated Blitz game"]
[Site "?"]
[Date "2021.06.29"]
[Round "?"]
[White "StoofBuzze"]
[Black "Prosvirnov_Sergei"]
[Result "1-0"]
[WhiteElo "2539"]
[BlackElo "2404"]
[PlyCount "85"]
[EventDate "2021.??.??"]
[EventType "blitz"]

1. e4 e5 2. Nf3 Nc6 3. c3 Nf6 4. d4 d6 5. Be3 Bg4 6. Bb5 Bxf3 7. Qxf3 a6 8. Ba4
b5 9. Bb3 Be7 10. Nd2 O-O 11. O-O Na5 12. Rfd1 Nxb3 13. axb3 Qc8 14. dxe5 dxe5
15. h3 Qe6 16. b4 h6 17. Nf1 Rfd8 18. Ng3 Bf8 19. Nf5 Kh7 20. g4 g6 21. Ng3 Be7
22. Kg2 Kg7 23. Qe2 Qc6 24. f3 Qe6 25. h4 Rxd1 26. Rxd1 Rd8 27. Rxd8 Bxd8 28.
h5 Be7 29. hxg6 fxg6 30. Qd2 Ng8 31. Qd1 Bd6 32. Nf1 Ne7 33. Bc1 c5 34. bxc5
Bxc5 35. Qd2 g5 36. Ng3 Ba7 37. Qd8 Kf7 38. Qh8 Qb6 39. Qh7+ Ke8 40. Kh3 Qg1
41. Bd2 Bf2 42. Qh8+ Kd7 43. Qxe5 {Time forfeit} 1-0

[Event "Rated Blitz game"]
[Site "?"]
[Date "2021.06.29"]
[Round "?"]
[White "mandarria"]
[Black "Apallacesar"]
[Result "1-0"]
[WhiteElo "2408"]
[BlackElo "2416"]
[PlyCount "33"]
[EventDate "2021.??.??"]
[EventType "blitz"]

1. e4 e5 2. Nf3 Nc6 3. c3 Nf6 4. d4 d6 5. Bb5 Bd7 6. d5 Ne7 7. Bxd7+ Nxd7 8. c4
g6 9. Nc3 Bg7 10. h4 f5 11. Ng5 Nf8 12. h5 h6 13. Ne6 Nxe6 14. dxe6 g5 15. exf5
Nxf5 16. Qd3 Nd4 17. Qg6+ {Normal} 1-0

[Event "Rated Blitz game"]
[Site "?"]
[Date "2021.06.29"]
[Round "?"]
[White "mandarria"]
[Black "occhi_del_cuore"]
[Result "1-0"]
[WhiteElo "2403"]
[BlackElo "2383"]
[PlyCount "39"]
[EventDate "2021.??.??"]
[EventType "blitz"]

1. e4 e5 2. Nf3 Nc6 3. c3 d5 4. Qa4 Nf6 5. Nxe5 Bd6 6. Nxc6 bxc6 7. d3 O-O 8.
Be2 Re8 9. f3 Nh5 10. g3 Bh3 11. f4 Bc5 12. Qxc6 Qe7 13. Bxh5 dxe4 14. d4 Bd6
15. Nd2 e3 16. Nc4 e2 17. Ne5 Bxe5 18. fxe5 Bf1 19. Bxe2 Bxe2 20. Kxe2 {Normal}
1-0

[Event "Rated Blitz game"]
[Site "?"]
[Date "2021.06.29"]
[Round "?"]
[White "H-HH"]
[Black "anton_junaidi1"]
[Result "1/2-1/2"]
[WhiteElo "2483"]
[BlackElo "2343"]
[PlyCount "45"]
[EventDate "2021.??.??"]
[EventType "blitz"]

1. e4 e5 2. Nf3 Nc6 3. c3 Nf6 4. d3 d5 5. Qc2 Be7 6. b4 a6 7. Be2 O-O 8. Bb2
Bg4 9. Nbd2 d4 10. a3 h6 11. cxd4 exd4 12. h3 Bxf3 13. Nxf3 Nh5 14. g3 Qd6 15.
Rg1 Rad8 16. Rc1 Nf6 17. Nd2 Qd7 18. f4 Qxh3 19. Nb3 Qh2 20. Kf1 Qh3+ 21. Ke1
Qh2 22. Kf1 Qh3+ 23. Ke1 {Normal} 1/2-1/2

[Event "Rated Blitz game"]
[Site "?"]
[Date "2021.06.29"]
[Round "?"]
[White "bkara"]
[Black "gus_100"]
[Result "1-0"]
[WhiteElo "2521"]
[BlackElo "2389"]
[PlyCount "62"]
[EventDate "2021.??.??"]
[EventType "blitz"]

1. e4 e5 2. Nf3 Nc6 3. c3 d6 4. d4 Be7 5. Be2 Nf6 6. O-O O-O 7. Nbd2 Re8 8. d5
Nb8 9. Ne1 Nbd7 10. Nd3 a5 11. c4 c6 12. b3 Nc5 13. Nxc5 dxc5 14. Bb2 Bf8 15.
f4 exf4 16. e5 Nd7 17. Nf3 g5 18. e6 fxe6 19. dxc6 bxc6 20. Qc2 e5 21. Bd3 g4
22. Bxh7+ Kh8 23. Be4 gxf3 24. Rxf3 Nf6 25. Bxc6 Bg4 26. Bxa8 Qxa8 27. Rxf4 Bg7
28. Qg6 Bh5 29. Rh4 Kg8 30. Rxh5 Nxh5 31. Qxh5 Qe4 {Normal} 1-0

[Event "Rated Blitz game"]
[Site "?"]
[Date "2021.06.29"]
[Round "?"]
[White "Fight-chess"]
[Black "BLITZ16"]
[Result "1-0"]
[WhiteElo "2536"]
[BlackElo "2447"]
[PlyCount "39"]
[EventDate "2021.??.??"]
[EventType "blitz"]

1. e4 e5 2. Nf3 Nc6 3. c3 Nf6 4. d4 d6 5. h3 Be7 6. Be3 O-O 7. Bd3 exd4 8. cxd4
Nb4 9. Nc3 Nxd3+ 10. Qxd3 b6 11. O-O Bb7 12. Rfe1 a6 13. Rad1 c5 14. d5 Nd7 15.
Bf4 h6 16. Bg3 Qc7 17. e5 dxe5 18. d6 e4 19. Nxe4 Qd8 20. dxe7 {Normal} 1-0

[Event "Rated Blitz game"]
[Site "?"]
[Date "2021.06.29"]
[Round "?"]
[White "Black_knight_3333"]
[Black "begeisterungsfahig"]
[Result "1-0"]
[WhiteElo "2516"]
[BlackElo "2490"]
[PlyCount "85"]
[EventDate "2021.??.??"]
[EventType "blitz"]

1. e4 e5 2. Nf3 Nc6 3. c3 d5 4. Qa4 f6 5. Bb5 Nge7 6. exd5 Qxd5 7. d4 Bd7 8.
Be3 a6 9. Bc4 Qd6 10. Qb3 O-O-O 11. dxe5 Nxe5 12. Nxe5 Qxe5 13. O-O Nc6 14. Be2
Bd6 15. g3 h5 16. Nd2 h4 17. Nc4 Qe7 18. Rfd1 hxg3 19. hxg3 Qe4 20. f3 Qe7 21.
Rxd6 cxd6 22. Nb6+ Kb8 23. Nd5 Qf7 24. Bxa6 Be6 25. c4 Ne5 26. Qb6 Bxd5 27.
Qa7+ Kc7 28. cxd5 Qxd5 29. Bb6+ Kd7 30. Bxd8 Nxf3+ 31. Kf2 Rh2+ 32. Ke3 Kxd8
33. Qb8+ Kd7 34. Qxb7+ Qxb7 35. Bxb7 Ne5 36. b3 g5 37. Be4 Ke6 38. a4 f5 39.
Bb7 Rh3 40. Kf2 Nd3+ 41. Kg2 Rh7 42. Bc8+ Ke7 43. Bxf5 {Normal} 1-0

[Event "Rated Blitz game"]
[Site "?"]
[Date "2021.06.29"]
[Round "?"]
[White "Arisaaa"]
[Black "GambitoAzul"]
[Result "1-0"]
[WhiteElo "2475"]
[BlackElo "2542"]
[PlyCount "63"]
[EventDate "2021.??.??"]
[EventType "blitz"]

1. e4 e5 2. Nf3 Nc6 3. c3 Nf6 4. d4 Nxe4 5. d5 Bc5 6. dxc6 Bxf2+ 7. Ke2 Bb6 8.
Qd5 Nf2 9. Rg1 bxc6 10. Qxe5+ Kf8 11. Nd4 Ng4 12. Qf4 d6 13. h3 Ne5 14. Kd1 Ng6
15. Qg3 Qf6 16. Be3 Rb8 17. Nd2 h6 18. Nxc6 Bxe3 19. Qxe3 Rxb2 20. Kc1 Rb6 21.
Nxa7 Bf5 22. a4 Nf4 23. Nb5 Nd5 24. Qf3 c6 25. Nd4 g6 26. Bc4 Kg7 27. Bxd5 cxd5
28. a5 Rc8 29. Nxf5+ gxf5 30. axb6 Rxc3+ 31. Kd1 Rxf3 32. gxf3+ {Time forfeit}
1-0

[Event "Rated Blitz game"]
[Site "?"]
[Date "2021.06.29"]
[Round "?"]
[White "LChess_007"]
[Black "RobPeresian"]
[Result "0-1"]
[WhiteElo "2383"]
[BlackElo "2405"]
[PlyCount "86"]
[EventDate "2021.??.??"]
[EventType "blitz"]

1. e4 e5 2. Nf3 Nc6 3. c3 Nf6 4. d4 d6 5. Bb5 Bd7 6. Bg5 Be7 7. dxe5 Nxe5 8.
Bxd7+ Qxd7 9. Bxf6 Nxf3+ 10. Qxf3 Bxf6 11. Nd2 O-O 12. O-O Rfe8 13. Rfe1 Qc6
14. Nb3 Qb6 15. Qd3 a5 16. Qc2 a4 17. Nd2 Re6 18. Nc4 Qc6 19. Qd3 Qb5 20. Rad1
Rae8 21. f3 Qc5+ 22. Kh1 b5 23. Ne3 Bg5 24. Nd5 c6 25. Nb4 d5 26. Na6 Qe7 27.
Nb4 dxe4 28. fxe4 h5 29. e5 Rxe5 30. Rxe5 Qxe5 31. Nxc6 Qc5 32. Nd4 b4 33. Qg3
bxc3 34. bxc3 Be3 35. Re1 Qxc3 36. Nf5 h4 37. Qxh4 g6 38. Nxe3 Rxe3 39. Rxe3
Qxe3 40. Qd8+ Kg7 41. Qd1 a3 42. Qf1 Qd2 43. h3 Qxa2 {Time forfeit} 0-1

[Event "Rated Blitz game"]
[Site "?"]
[Date "2021.06.29"]
[Round "?"]
[White "farbmates"]
[Black "Lasker7"]
[Result "0-1"]
[WhiteElo "2444"]
[BlackElo "2386"]
[PlyCount "61"]
[EventDate "2021.??.??"]
[EventType "blitz"]

1. e4 e5 2. Nf3 Nc6 3. c3 Bc5 4. d4 exd4 5. cxd4 Bb6 6. Nc3 d6 7. Bg5 Nge7 8.
Bc4 Bg4 9. Be3 O-O 10. h3 Bxf3 11. gxf3 Kh8 12. Qd2 f5 13. O-O-O f4 14. Bxf4
Nxd4 15. Be2 Ng6 16. Bg5 Qe8 17. f4 Nxe2+ 18. Qxe2 Nxf4 19. Qg4 Ng6 20. f4 Be3+
21. Kb1 Bxf4 22. h4 Ne5 23. Qe2 h6 24. Bxf4 Rxf4 25. Nd5 Rf7 26. Rdg1 c6 27.
Ne3 Nf3 28. Rg4 h5 29. Rg5 Qxe4+ 30. Ka1 Nxg5 31. hxg5 {Normal} 0-1

[Event "Rated Blitz game"]
[Site "?"]
[Date "2021.06.29"]
[Round "?"]
[White "farbmates"]
[Black "Tri-borg"]
[Result "1-0"]
[WhiteElo "2422"]
[BlackElo "2379"]
[PlyCount "51"]
[EventDate "2021.??.??"]
[EventType "blitz"]

1. e4 e5 2. Nf3 Nc6 3. c3 d5 4. Qa4 dxe4 5. Nxe5 Nf6 6. Bb5 Bd7 7. Nxc6 bxc6 8.
Bxc6 Bxc6 9. Qxc6+ Nd7 10. Qxe4+ Be7 11. O-O O-O 12. d4 Nf6 13. Qf3 h6 14. Bf4
Bd6 15. Nd2 Bxf4 16. Qxf4 Nd5 17. Qf3 c6 18. Rfe1 Ne7 19. Nc4 Rc8 20. Ne5 Ng6
21. Rad1 Qh4 22. Nxc6 Qg5 23. Ne5 Nh4 24. Qg3 Qh5 25. Nd7 Rfe8 26. Nf6+ {Normal
} 1-0

[Event "Rated Blitz game"]
[Site "?"]
[Date "2021.06.29"]
[Round "?"]
[White "H-HH"]
[Black "Mancake_2020"]
[Result "1-0"]
[WhiteElo "2474"]
[BlackElo "2370"]
[PlyCount "87"]
[EventDate "2021.??.??"]
[EventType "blitz"]

1. e4 e5 2. Nf3 Nc6 3. c3 Nf6 4. d3 Bc5 5. Be2 O-O 6. b4 Bb6 7. b5 Ne7 8. Nxe5
d5 9. Qc2 dxe4 10. dxe4 Be6 11. O-O Qd6 12. Nf3 Qc5 13. Ba3 Qh5 14. Bxe7 Rfe8
15. Bxf6 gxf6 16. Nd4 Qg6 17. Nxe6 fxe6 18. Nd2 Kh8 19. Nc4 Rg8 20. Bf3 Raf8
21. Nxb6 axb6 22. Rfe1 f5 23. Rad1 fxe4 24. Qxe4 Qg5 25. Rd7 Rf5 26. Kh1 Qh6
27. Rxc7 Rf4 28. Qe5+ Rf6 29. Rf7 Rgg6 30. Rd1 Kg8 31. Rxb7 Rf8 32. Qe3 Qh4 33.
Rxb6 Qa4 34. Rxe6 Kg7 35. Rxg6+ hxg6 36. Re1 Rf7 37. b6 Qxa2 38. b7 Qb2 39. c4
Qb4 40. Qe5+ Kh7 41. b8=Q Re7 42. Qxb4 Rxe5 43. Rxe5 g5 44. Qd6 {Normal} 1-0

[Event "Rated Rapid game"]
[Site "?"]
[Date "2021.06.29"]
[Round "?"]
[White "aivarsskuja"]
[Black "Desmond88"]
[Result "1-0"]
[WhiteElo "2332"]
[BlackElo "2417"]
[PlyCount "26"]
[EventDate "2021.??.??"]
[EventType "rapid"]

1. e4 e5 2. Nf3 Nc6 3. c3 d5 4. Bb5 dxe4 5. Nxe5 Qg5 6. Qa4 Qxg2 7. Bxc6+ bxc6
8. Qxc6+ Ke7 9. Qxc7+ Kf6 10. Qxf7+ Kxe5 11. d4+ Kd6 12. Bf4+ Kc6 13. Qc7+ Kb5
{Normal} 1-0

[Event "Rated Blitz game"]
[Site "?"]
[Date "2021.06.29"]
[Round "?"]
[White "macalmisu"]
[Black "birloque"]
[Result "1-0"]
[WhiteElo "2403"]
[BlackElo "2291"]
[PlyCount "43"]
[EventDate "2021.??.??"]
[EventType "blitz"]

1. e4 e5 2. Nf3 Nc6 3. c3 Bc5 4. d4 exd4 5. cxd4 Bb4+ 6. Nc3 Bxc3+ 7. bxc3 Nge7
8. Bc4 O-O 9. Ng5 d5 10. exd5 Nxd5 11. Qh5 h6 12. Nf3 Be6 13. Bxh6 gxh6 14.
Qxh6 Qf6 15. Qh5 Nf4 16. Qc5 Nxg2+ 17. Kf1 Qxf3 18. Rg1 Bh3 19. Qg5+ Kh7 20.
Bd5 Ne3+ 21. Ke1 Nxd5 22. Qg7# {Normal} 1-0

[Event "Rated Blitz game"]
[Site "?"]
[Date "2021.06.29"]
[Round "?"]
[White "SWY"]
[Black "Fischerzet"]
[Result "1-0"]
[WhiteElo "2368"]
[BlackElo "2441"]
[PlyCount "45"]
[EventDate "2021.??.??"]
[EventType "blitz"]

1. e4 e5 2. Nf3 Nc6 3. c3 f5 4. d4 fxe4 5. Nxe5 Qf6 6. Nxc6 dxc6 7. Nd2 Qg6 8.
f3 Nf6 9. fxe4 Bd7 10. Qf3 O-O-O 11. Bd3 Bg4 12. Qe3 c5 13. O-O cxd4 14. cxd4
Bb4 15. e5 Nd5 16. Qe4 Qxe4 17. Nxe4 Ba5 18. h3 Nb4 19. Bd2 Nxd3 20. Bxa5 Be2
21. Rf7 b6 22. Bc3 Rhg8 23. Ng3 {Normal} 1-0

[Event "Rated Blitz game"]
[Site "?"]
[Date "2021.06.28"]
[Round "?"]
[White "farbmates"]
[Black "Jero_el_siniestro"]
[Result "0-1"]
[WhiteElo "2410"]
[BlackElo "2475"]
[PlyCount "85"]
[EventDate "2021.??.??"]
[EventType "blitz"]

1. e4 e5 2. Nf3 Nc6 3. c3 d5 4. Qa4 dxe4 5. Nxe5 Nf6 6. Bb5 Bd7 7. Nxc6 bxc6 8.
Bxc6 Bd6 9. d3 exd3 10. O-O O-O 11. Bxd7 Qxd7 12. Qxd7 Nxd7 13. Nd2 Rfe8 14.
Nc4 Re6 15. Be3 Ne5 16. Nxe5 Rxe5 17. Rfd1 Rd5 18. c4 Rh5 19. g3 Rb8 20. b3 Be5
21. Rab1 Rd8 22. Bxa7 h6 23. Be3 Rf5 24. f4 Bf6 25. Kg2 Ra5 26. a4 Ra6 27. Kf3
g5 28. f5 h5 29. Ke4 Rad6 30. c5 Re8+ 31. Kf3 Rd5 32. b4 Rxf5+ 33. Bf4 gxf4 34.
gxf4 Rd5 35. Rb3 d2 36. a5 Re1 37. Rbb1 Bc3 38. a6 Rd8 39. b5 Ba5 40. b6 cxb6
41. cxb6 Rxd1 42. Rxd1 Bxb6 43. Rb1 {Normal} 0-1

[Event "Rated Blitz game"]
[Site "?"]
[Date "2021.06.28"]
[Round "?"]
[White "karELmoustapha1"]
[Black "riserman"]
[Result "0-1"]
[WhiteElo "2298"]
[BlackElo "2407"]
[PlyCount "78"]
[EventDate "2021.??.??"]
[EventType "blitz"]

1. e4 e5 2. Nf3 Nc6 3. c3 Nf6 4. d3 d5 5. exd5 Qxd5 6. Be2 Bc5 7. O-O O-O 8.
Be3 Bf5 9. b4 Bb6 10. Na3 Rad8 11. c4 Qd7 12. c5 Nxb4 13. cxb6 axb6 14. Nxe5
Qe7 15. d4 Nfd5 16. Qb3 Be6 17. Bc4 c6 18. Bxd5 Bxd5 19. Qb2 f6 20. Nd3 Nxd3
21. Qc3 Nb4 22. Rfe1 Na6 23. Rab1 b5 24. Nc2 Bxa2 25. Ra1 Bd5 26. Bf4 Qf7 27.
Ne3 Rfe8 28. Nf5 Rxe1+ 29. Rxe1 Re8 30. Ra1 Qg6 31. Ng3 h5 32. h4 Qg4 33. Qd2
b4 34. Bd6 b3 35. f3 Qg6 36. Re1 Rxe1+ 37. Qxe1 b2 38. Ne4 f5 39. Qd2 fxe4 {
Normal} 0-1

[Event "Rated Blitz game"]
[Site "?"]
[Date "2021.06.28"]
[Round "?"]
[White "Waderpl"]
[Black "joseag1303"]
[Result "1-0"]
[WhiteElo "2425"]
[BlackElo "2417"]
[PlyCount "65"]
[EventDate "2021.??.??"]
[EventType "blitz"]

1. e4 e5 2. Nf3 Nc6 3. c3 d5 4. Bb5 f6 5. d4 a6 6. Bxc6+ bxc6 7. dxe5 Bg4 8.
exd5 Qxd5 9. Qxd5 cxd5 10. Nbd2 O-O-O 11. O-O Bc5 12. h3 Bh5 13. b4 Bb6 14. a4
Re8 15. Re1 fxe5 16. Rxe5 Nf6 17. g4 Bg6 18. a5 Ba7 19. Nb3 Ne4 20. Be3 Bxe3
21. fxe3 Ref8 22. Nfd4 Nxc3 23. Rc1 Na2 24. Rc6 Nxb4 25. Rce6 Be4 26. Nc5 h5
27. g5 h4 28. Re7 Kd8 29. Rxg7 Rhg8 30. Nde6+ Kc8 31. Rxc7+ Kb8 32. Nd7+ Ka8
33. Ndxf8 {Normal} 1-0

[Event "Rated Blitz game"]
[Site "?"]
[Date "2021.06.28"]
[Round "?"]
[White "H-HH"]
[Black "Fringe5926"]
[Result "1-0"]
[WhiteElo "2480"]
[BlackElo "2404"]
[PlyCount "63"]
[EventDate "2021.??.??"]
[EventType "blitz"]

1. e4 e5 2. Nf3 Nc6 3. c3 d5 4. Qa4 f6 5. d3 Nge7 6. Be2 Bd7 7. Qc2 g6 8. b4 a6
9. Nbd2 Bg7 10. a3 O-O 11. Nb3 b6 12. a4 Qe8 13. a5 Qf7 14. Be3 d4 15. cxd4
Nxb4 16. Qc3 exd4 17. Nbxd4 c5 18. axb6 cxd4 19. Nxd4 Nbc6 20. Nxc6 Bxc6 21. f3
f5 22. d4 fxe4 23. O-O exf3 24. Bxf3 Bxf3 25. Rxf3 Qe6 26. Rxf8+ Kxf8 27. b7
Rb8 28. Qc7 Qxe3+ 29. Kh1 Nc6 30. Qxc6 Qxd4 31. Qc8+ Kf7 32. Rf1+ {Normal} 1-0

[Event "Rated Blitz game"]
[Site "?"]
[Date "2021.06.28"]
[Round "?"]
[White "Abouyahya1983"]
[Black "chesszxj"]
[Result "0-1"]
[WhiteElo "2551"]
[BlackElo "2725"]
[PlyCount "102"]
[EventDate "2021.??.??"]
[EventType "blitz"]

1. e4 e5 2. Nf3 Nc6 3. c3 Nf6 4. d4 d6 5. Bb5 Bd7 6. O-O Be7 7. Re1 O-O 8. d5
Nb8 9. c4 c6 10. Ba4 Na6 11. Nc3 Nc5 12. Bc2 a5 13. Be3 b6 14. h3 Rc8 15. Nd2
cxd5 16. cxd5 Bb5 17. Nb3 Ba6 18. Nxc5 bxc5 19. Bd3 Bxd3 20. Qxd3 Nd7 21. b3
Bg5 22. Na4 Bxe3 23. Rxe3 Nb6 24. Nxb6 Qxb6 25. Rc1 Qb4 26. Rc4 Qb6 27. Rg3 g6
28. h4 Qd8 29. h5 Rb8 30. a3 Rb7 31. Qd2 Kg7 32. Ra4 Rb5 33. Rh3 g5 34. h6+ Kg8
35. b4 cxb4 36. axb4 axb4 37. Rxb4 Rxb4 38. Qxb4 Qf6 39. Qb7 Qf4 40. Rg3 g4 41.
Qc7 Ra8 42. Qc3 Kh8 43. Re3 Qxh6 44. Re1 Qf6 45. Qc6 Ra2 46. Rf1 Kg7 47. Qc8 h5
48. Qd7 Qf4 49. Qxd6 Qxe4 50. Qe7 Re2 51. Qg5+ Qg6 {Time forfeit} 0-1

[Event "Rated Blitz game"]
[Site "?"]
[Date "2021.06.28"]
[Round "?"]
[White "puzzle_boi"]
[Black "DaddyNyro"]
[Result "0-1"]
[WhiteElo "2378"]
[BlackElo "2404"]
[PlyCount "58"]
[EventDate "2021.??.??"]
[EventType "blitz"]

1. e4 e5 2. Nf3 Nc6 3. c3 Nf6 4. d4 Nxe4 5. d5 Bc5 6. dxc6 Bxf2+ 7. Ke2 Bb6 8.
Qd5 Nf2 9. Rg1 O-O 10. cxb7 Bxb7 11. Qxb7 e4 12. Nd4 Qf6 13. Be3 Ng4 14. Nd2
Rae8 15. Qd5 Re5 16. Qxd7 Nxe3 17. Kxe3 Qh6+ 18. Ke2 Qxh2 19. Qg4 Qxg1 20. N2b3
f5 21. Qf4 Rd5 22. Rd1 Rfd8 23. c4 Rxd4 24. Nxd4 Rxd4 25. Rxd4 Qxd4 26. Qd2
Qf2+ 27. Kd1 Qxf1+ 28. Kc2 Qxc4+ 29. Kb1 Qd3+ {Normal} 0-1

[Event "Rated Blitz game"]
[Site "?"]
[Date "2021.06.28"]
[Round "?"]
[White "Black_knight_3333"]
[Black "hilary4"]
[Result "0-1"]
[WhiteElo "2525"]
[BlackElo "2578"]
[PlyCount "36"]
[EventDate "2021.??.??"]
[EventType "blitz"]

1. e4 e5 2. Nf3 Nc6 3. c3 d5 4. Qa4 Bd7 5. exd5 Nd4 6. Qd1 Nxf3+ 7. Qxf3 Nf6 8.
Bc4 e4 9. Qe2 Bd6 10. O-O Bxh2+ 11. Kxh2 Ng4+ 12. Kg3 Qg5 13. Qxe4+ Kf8 14. d3
Ne3+ 15. Kf3 Bg4+ 16. Qxg4 Qxg4+ 17. Kxe3 Re8+ 18. Kd2 Qe2# {Normal} 0-1

[Event "Rated Blitz game"]
[Site "?"]
[Date "2021.06.28"]
[Round "?"]
[White "ArmenAramian"]
[Black "Kramich_Aliaksei"]
[Result "1-0"]
[WhiteElo "2543"]
[BlackElo "2519"]
[PlyCount "89"]
[EventDate "2021.??.??"]
[EventType "blitz"]

1. e4 e5 2. Nf3 Nc6 3. c3 f5 4. d4 fxe4 5. Nxe5 Nf6 6. Bg5 Bd6 7. Nxc6 dxc6 8.
Bc4 h6 9. Bh4 Qe7 10. Nd2 e3 11. fxe3 Bg4 12. Qxg4 Nxg4 13. Bxe7 Kxe7 14. e4
Bxh2 15. Ke2 Rhf8 16. Nf3 Bf4 17. Rh4 Ne3 18. Bd3 g5 19. Rxh6 Nxg2 20. Rg1 g4
21. Rh7+ Rf7 22. Rxf7+ Kxf7 23. Rxg2 gxf3+ 24. Kxf3 Bh6 25. e5 a5 26. Bc4+ Ke7
27. Rg6 Rh8 28. a4 Bc1 29. Rg7+ Kd8 30. Be6 Bxb2 31. Rd7+ Ke8 32. Rxc7 Rf8+ 33.
Ke4 Bxc3 34. Rxb7 Rf1 35. Bd7+ Kd8 36. Bxc6 Rd1 37. Rd7+ Kc8 38. e6 Bb4 39. d5
Re1+ 40. Kd4 Kb8 41. Kc4 Ba3 42. d6 Rc1+ 43. Kb5 Rb1+ 44. Ka6 Bc5 45. Rd8# {
Normal} 1-0

[Event "Rated Blitz game"]
[Site "?"]
[Date "2021.06.28"]
[Round "?"]
[White "mikromurks"]
[Black "Goran_FM"]
[Result "1/2-1/2"]
[WhiteElo "2498"]
[BlackElo "2594"]
[PlyCount "118"]
[EventDate "2021.??.??"]
[EventType "blitz"]

1. e4 e5 2. Nf3 Nc6 3. c3 d5 4. Qa4 f6 5. Bb5 Nge7 6. d3 Bg4 7. Nbd2 Qd7 8. O-O
O-O-O 9. b4 dxe4 10. dxe4 a6 11. Be2 Nb8 12. Qc2 Ng6 13. Nc4 Be6 14. Rd1 Qf7
15. Ne3 Rxd1+ 16. Qxd1 Nf4 17. Bf1 Qe7 18. Nd5 Nxd5 19. exd5 Bg4 20. h3 Bh5 21.
Qd3 e4 22. Qc2 Bg6 23. Nh4 f5 24. Nxg6 hxg6 25. c4 Qxb4 26. Rb1 Qa5 27. Bd2 Qa3
28. Rb3 Qa4 29. c5 Be7 30. d6 Bf6 31. dxc7 Nc6 32. Bf4 Nd4 33. Rxb7 Qxc2 34.
Rb8+ Kd7 35. Rxh8 Qxc5 36. c8=Q+ Qxc8 37. Rxc8 Kxc8 38. Bxa6+ Kd7 39. Be3 Nc2
40. Bc5 Kc6 41. Bf8 Nd4 42. Bc4 g5 43. Kf1 f4 44. Bb4 Be5 45. Be7 Nf5 46. Bxg5
Kc5 47. Be6 Nd4 48. Bg4 Kb4 49. h4 Ka3 50. h5 Kxa2 51. h6 gxh6 52. Bxh6 Kb2 53.
g3 fxg3 54. fxg3 Bxg3 55. Be3 Nc2 56. Ke2 Kc3 57. Bf5 Nd4+ 58. Bxd4+ Kxd4 59.
Bxe4 Kxe4 {Normal} 1/2-1/2

[Event "Rated Blitz game"]
[Site "?"]
[Date "2021.06.28"]
[Round "?"]
[White "mikromurks"]
[Black "colins1964"]
[Result "1-0"]
[WhiteElo "2492"]
[BlackElo "2388"]
[PlyCount "79"]
[EventDate "2021.??.??"]
[EventType "blitz"]

1. e4 e5 2. Nf3 Nc6 3. c3 d6 4. d4 Bd7 5. Be2 g6 6. O-O Bg7 7. d5 Nce7 8. c4 h6
9. Nc3 f5 10. Nd2 Nf6 11. Rb1 O-O 12. b4 c6 13. c5 cxd5 14. exd5 Nexd5 15. Nxd5
Nxd5 16. Nc4 Nc3 17. Qc2 Nxe2+ 18. Qxe2 Bb5 19. a4 Bxc4 20. Qxc4+ d5 21. Qb3
Kh7 22. b5 Rc8 23. Ba3 Re8 24. Rfd1 d4 25. Rbc1 Qd7 26. a5 a6 27. c6 bxc6 28.
bxa6 Rb8 29. Qc4 Rec8 30. Bc5 Rb5 31. Bb6 Rd5 32. a7 Qb7 33. h4 Rd7 34. h5 g5
35. Qe6 f4 36. a6 Qxa6 37. Qxd7 Qxb6 38. Qxc8 Qxa7 39. Qf5+ Kh8 40. Rxc6 {
Normal} 1-0

[Event "Rated Blitz game"]
[Site "?"]
[Date "2021.06.28"]
[Round "?"]
[White "pd2001"]
[Black "Subhayan_1"]
[Result "1-0"]
[WhiteElo "2410"]
[BlackElo "2578"]
[PlyCount "117"]
[EventDate "2021.??.??"]
[EventType "blitz"]

1. e4 e5 2. Nf3 Nc6 3. c3 Nf6 4. d4 d6 5. Bb5 Bg4 6. Bxc6+ bxc6 7. Bg5 exd4 8.
cxd4 Be7 9. Nbd2 Nxe4 10. Nxe4 d5 11. Ng3 Bxg5 12. Qc2 Bxf3 13. Qxc6+ Kf8 14.
gxf3 Qe8+ 15. Qxe8+ Rxe8+ 16. Kf1 Rb8 17. b3 Rb4 18. Rd1 g6 19. Kg2 Kg7 20.
Rhe1 a5 21. Ne2 Re8 22. Kf1 Bf6 23. Rd3 a4 24. Rc1 axb3 25. axb3 Reb8 26. Rxc7
Rxb3 27. Rxb3 Rxb3 28. Kg2 Rb2 29. Nf4 Bxd4 30. Ne6+ Kf6 31. Nxd4 Rd2 32. Rc6+
Ke5 33. Nb3 Rb2 34. Nc5 Rd2 35. Kf1 Rd1+ 36. Ke2 Rh1 37. Nd3+ Kf5 38. Rc7 Kf6
39. Rd7 Rxh2 40. Rxd5 h5 41. Kf1 Rh1+ 42. Kg2 Rd1 43. Nf4 Rxd5 44. Nxd5+ Ke5
45. Ne3 Kf4 46. Nd5+ Ke5 47. Ne7 Kf6 48. Nc6 Kf5 49. Kg3 g5 50. Nd4+ Ke5 51.
Ne2 f5 52. f4+ gxf4+ 53. Nxf4 h4+ 54. Kf3 Kf6 55. Nh3 Ke5 56. Ke3 Ke6 57. Kf4
Kf6 58. f3 Kg6 59. Ke5 {Normal} 1-0

[Event "Rated Blitz game"]
[Site "?"]
[Date "2021.06.28"]
[Round "?"]
[White "FedericoGonzalez"]
[Black "escape64"]
[Result "0-1"]
[WhiteElo "2451"]
[BlackElo "2467"]
[PlyCount "48"]
[EventDate "2021.??.??"]
[EventType "blitz"]

1. e4 e5 2. Nf3 Nc6 3. c3 Nf6 4. d4 Qe7 5. d5 Nd8 6. Bd3 d6 7. h3 g6 8. O-O Bg7
9. Re1 O-O 10. a4 h6 11. a5 a6 12. b4 Nh7 13. c4 f5 14. Nc3 Nf7 15. Ba3 Bd7 16.
c5 Nfg5 17. Nxg5 hxg5 18. cxd6 cxd6 19. Qd2 g4 20. hxg4 fxg4 21. Bc1 Qh4 22.
Qe3 Rxf2 23. Qxf2 g3 24. Qf3 Bg4 {Normal} 0-1

[Event "Rated Blitz game"]
[Site "?"]
[Date "2021.06.28"]
[Round "?"]
[White "Kanthecarowin"]
[Black "Kares8"]
[Result "1-0"]
[WhiteElo "2421"]
[BlackElo "2391"]
[PlyCount "67"]
[EventDate "2021.??.??"]
[EventType "blitz"]

1. e4 e5 2. Nf3 Nc6 3. c3 Nf6 4. d4 exd4 5. e5 Ne4 6. cxd4 d5 7. Nc3 Nxc3 8.
bxc3 Bf5 9. Bb5 a6 10. Bd3 Bxd3 11. Qxd3 Be7 12. O-O O-O 13. Be3 Na5 14. Nd2 b5
15. f4 f5 16. exf6 Bxf6 17. Nf3 Nc4 18. Ne5 Bxe5 19. fxe5 c5 20. Rxf8+ Qxf8 21.
Rf1 Qe7 22. h4 Qxh4 23. Qf5 Qe7 24. Bg5 Qe8 25. e6 cxd4 26. Qxd5 Nb6 27. Qe4 h6
28. e7 hxg5 29. Rf8+ Qxf8 30. exf8=Q+ Rxf8 31. Qe6+ Kh7 32. Qxb6 dxc3 33. Qc5
b4 34. Qxf8 {Normal} 1-0